| 000 | 01523 a2200337 4500 | ||
|---|---|---|---|
| 003 | OSt | ||
| 005 | 20180116192353.0 | ||
| 008 | 120601t xxu||||| |||| 00| 0 eng d | ||
| 010 | _a 2007032452 | ||
| 020 | _a9780073526485 (set : alk. paper) | ||
| 020 | _a0073526487 (set : alk. paper) | ||
| 020 | _a9780073327303 (v. 1 : alk. paper) | ||
| 020 | _a0073327301 (v. 1 : alk. paper) | ||
| 020 | _a9780073327310 (v. 2 : alk. paper) | ||
| 020 | _a007332731X (v. 2 : alk. paper) | ||
| 040 | _c0 | ||
| 082 | 0 | 0 | _a745.4 |
| 100 | 1 |
_aStewart, Mary, _93397 |
|
| 245 | 1 | 0 |
_aLaunching the imagination : _ba comprehensive guide to basic design / _cMary Stewart. |
| 250 | _a3rd ed. | ||
| 260 |
_aBoston : _bMcGraw-Hill Higher Education, _cc2008. |
||
| 300 |
_axxiii, 400 p. : _bill. (mostly col.) ; _c28 cm. |
||
| 500 | _aAlso issued in parts titled: Launching the imagination : A comprehensive guide to two-dimensional design, and Launching the imagination : A comprehensive guide to three-dimensional design. | ||
| 650 | 1 | 0 |
_aDesign. _93398 |
| 650 | 1 | 0 |
_aTime Design Graphics _93399 |
| 856 | 4 | 1 |
_3Table of contents only _uhttp://www.loc.gov/catdir/enhancements/fy0743/2007032452-t.html |
| 856 | 4 | 1 |
_3Contributor biographical information _uhttp://www.loc.gov/catdir/enhancements/fy0743/2007032452-b.html |
| 856 | 4 | 1 |
_3Publisher description _uhttp://www.loc.gov/catdir/enhancements/fy0743/2007032452-d.html |
| 942 |
_aSADA _cBK _k745.4 STE 2008 _2ddc |
||
| 999 |
_c353014 _d353014 |
||